the system designer's guide to VHDL-AMS (Record no. 92)

MARC details
000 -LEADER
Fixed length control field 00648nam a2200205 4500
003 - CONTROL NUMBER IDENTIFIER
Control field SEACOMMC
005 - DATE AND TIME OF LATEST TRANSACTION
Control field 20231010100153.0
008 - FIXED-LENGTH DATA ELEMENTS--GENERAL INFORMATION
Fixed length control field 231010b |||||||| |||| 00| 0 eng d
020 ## - INTERNATIONAL STANDARD BOOK NUMBER / ISBN
Price Rs. 595.00
040 ## - CATALOGING SOURCE
Original cataloging agency SEACOMMC
082 ## - DEWEY DECIMAL CLASSIFICATION NUMBER
Classification number 621.392
Book Number ASH
100 1# - MAIN ENTRY--PERSONAL NAME
Personal name Asherden, Peter J.
245 14 - TITLE STATEMENT
Title the system designer's guide to VHDL-AMS
Sub title analog, mixed-signal and mixed-technology modeling
Statement of responsibility Peter J. Asherden, Gregory D. Peterdon and Darrell A. Teegarden
260 ## - IMPRINT
Place of publication New Delhi
Name of publisher Elsevier
Date of publication 2005
650 ## - SUBJECT ADDED ENTRY--TOPICAL TERM
Topical term Engineering
650 ## - SUBJECT ADDED ENTRY--TOPICAL TERM
Topical term Computer engineering
700 1# - ADDED ENTRY--PERSONAL NAME
Personal name Peterson, Gregory D.
700 1# - ADDED ENTRY--PERSONAL NAME
Personal name Teegarden, Darrell A.
942 ## - ADDED ENTRY ELEMENTS (KOHA)
Koha item type Books
Holdings
Withdrawn status Lost status Source of classification Damaged status Not for loan Home library Current library Date acquired Total Checkouts Call number Accession number Date last seen Price effective from Koha item type
    Dewey Decimal Classification     SEACOM MANAGEMENT COLLEGE SEACOM MANAGEMENT COLLEGE 22/07/2006   621.392 ASH 04137 10/10/2023 10/10/2023 Books
© Seacom Engineering College, All rights reserved.    Powered by Koha